000 00841nam a2200289Ia 4500
001 35855
003 IT-RoPAU
008 130308s9999 xx 000 0 und d
040 _aIT-RoPAU
040 _cIT-RoPAU
041 _aITALIANO
100 _aDe Certeau Michel
100 _gCodice Aut. SPICS: 17057
245 _aInventività del quotidiano (L')
245 _bArte di Arrangiarsi in Musica (L')-Corso di Semiologia della Musica 1985-1986
250 _a1a ed.
260 _bs.e. (senza Editrice o non identificata)
260 _c1985 [1° Ed.:1985 - Ed.Ling.Originale:1980]
300 _a"13 p. (prefazione: no ; testo: 13 [pagine: 4-16])"
500 _aCreatività Quotidiana
650 _aLINGUAGGIO MUSICALE
650 _eCodice materia Spics: 7004
942 _cBK
957 _71
999 _c58430
_d58430
999 _bSI
999 _g1